[Event "Wch U20 55th"]
[Site "Bhubaneswar"]
[Date "2016.08.21"]
[Round "13"]
[White "Weerasinghe, CC."]
[Black "Hsu, Chuan Chia"]
[Result "1-0"]
[WhiteElo "1785"]
[BlackElo "1777"]
[PlyCount "135"]
[EventDate "2016.08.08"]
[EventType "swiss"]
[EventRounds "13"]
[EventCountry "IND"]
[SourceTitle "CBM 173 Extra"]
[Source "ChessBase"]
[SourceDate "2016.08.29"]
[SourceVersion "1"]
[SourceVersionDate "2016.08.29"]
[SourceQuality "1"]

1. d4 g6 2. Nf3 Bg7 3. c4 d6 4. g3 Nf6 5. Bg2 0-0 6. 0-0 Nc6 7. Nc3 a6 8. Qd3 Rb8 9. d5 Nb4 10. Qd1 a5 11. a3 Na6 12. Nd4 e5 13. dxe6 fxe6 14. Nb3 b6 15. Nd4 Bd7 16. Nc6 Bxc6 17. Bxc6 Nc5 18. Bg2 Nfd7 19. Qc2 Rf7 20. Rb1 Ne5 21. b4 axb4 22. axb4 Ncd7 23. Ne4 h6 24. h3 Nf8 25. Bb2 g5 26. Rbd1 Qe7 27. Qb3 Nfg6 28. Qc2 Rbf8 29. Nd2 g4 30. hxg4 Qg5 31. Nf3 Qxg4 32. Nxe5 Nxe5 33. Bxe5 Bxe5 34. Qe4 Qxe4 35. Bxe4 Bc3 36. b5 Kg7 37. Kg2 Rh8 38. Rh1 h5 39. Rh3 Rf6 40. Rdh1 Rfh6 41. Bf3 Kg6 42. Be4+ Kg7 43. Rd1 Kf6 44. Rd3 Ba5 45. Rf3+ Ke7 46. Rf4 Bc3 47. Rf3 Bb4 48. Rb3 Ba5 49. Rh4 Kf6 50. Rf3+ Ke7 51. Rhf4 d5 52. cxd5 exd5 53. Bxd5 h4 54. gxh4 Rxh4 55. Rxh4 Rxh4 56. Bc6 Bb4 57. Rh3 Rxh3 58. Kxh3 Bc3 59. f4 Kf6 60. e4 Ke6 61. Kg4 Bg7 62. e5 Bf8 63. Kf3 Bc5 64. Ke4 Ba3 65. f5+ Kf7 66. f6 Ke6 67. Bd5+ Kd7 68. e6+ 1-0

[Event "Wch U20 55th"]
[Site "Bhubaneswar"]
[Date "2016.08.20"]
[Round "12"]
[White "Hsu, Chuan Chia"]
[Black "Thogersen, Rasmus"]
[Result "0-1"]
[WhiteElo "1777"]
[BlackElo "2171"]
[PlyCount "58"]
[EventDate "2016.08.08"]
[EventType "swiss"]
[EventRounds "13"]
[EventCountry "IND"]
[SourceTitle "CBM 173 Extra"]
[Source "ChessBase"]
[SourceDate "2016.08.29"]
[SourceVersion "1"]
[SourceVersionDate "2016.08.29"]
[SourceQuality "1"]

1. e4 e5 2. Nf3 Nc6 3. Bb5 a6 4. Ba4 Nf6 5. 0-0 Be7 6. d3 d6 7. c4 0-0 8. Nc3 Bg4 9. Be3 Nd7 10. Bxc6 bxc6 11. h3 Bxf3 12. Qxf3 Rb8 13. b3 Bg5 14. Qg4 Bxe3 15. fxe3 Qe7 16. Rf2 a5 17. Raf1 Rb4 18. Qd1 Qg5 19. Rf3 f6 20. Kh2 Kh8 21. Rg3 Qh4 22. Rf5 g6 23. Rf2 Kg7 24. Rgf3 Nc5 25. g3 Qh6 26. d4 Ne6 27. g4 Ng5 28. Rg3 Qh4 29. dxe5 Nxh3 0-1

[Event "Wch U20 55th"]
[Site "Bhubaneswar"]
[Date "2016.08.10"]
[Round "3"]
[White "Hsu, Chuan Chia"]
[Black "Subhayan, Kundu"]
[Result "0-1"]
[WhiteElo "1777"]
[BlackElo "2189"]
[PlyCount "74"]
[EventDate "2016.08.08"]
[EventType "swiss"]
[EventRounds "13"]
[EventCountry "IND"]
[SourceTitle "CBM 173 Extra"]
[Source "ChessBase"]
[SourceDate "2016.08.29"]
[SourceVersion "1"]
[SourceVersionDate "2016.08.29"]
[SourceQuality "1"]

1. e4 e6 2. d3 d5 3. Nd2 Nf6 4. Ngf3 Bc5 5. e5 Nfd7 6. d4 Be7 7. Bd3 c5 8. c3 Nc6 9. Bb1 Qb6 10. Nb3 a5 11. dxc5 Nxc5 12. 0-0 Bd7 13. Be3 a4 14. Nxc5 Bxc5 15. Bxc5 Qxc5 16. Qd2 h6 17. Bc2 Ke7 18. b3 axb3 19. axb3 Rxa1 20. Rxa1 Rc8 21. c4 Nb4 22. Bh7 dxc4 23. bxc4 Qxc4 24. Qd6+ Ke8 25. Rd1 Nd5 26. h3 g6 27. Qa3 Qc3 28. Qa7 Qb3 29. Rd4 Kf8 30. Nd2 Qb6 31. Qa1 Rc1+ 32. Qxc1 Qxd4 33. Nf3 Qf4 34. Qa3+ Kg7 35. g3 Qb4 36. Qa8 Kxh7 37. Qd8 Qe7 0-1

[Event "Wch U20 55th"]
[Site "Bhubaneswar"]
[Date "2016.08.09"]
[Round "2"]
[White "Ivic, Velimir"]
[Black "Hsu, Chuan Chia"]
[Result "1-0"]
[WhiteElo "2270"]
[BlackElo "1777"]
[PlyCount "67"]
[EventDate "2016.08.08"]
[EventType "swiss"]
[EventRounds "13"]
[EventCountry "IND"]
[SourceTitle "CBM 173 Extra"]
[Source "ChessBase"]
[SourceDate "2016.08.29"]
[SourceVersion "1"]
[SourceVersionDate "2016.08.29"]
[SourceQuality "1"]

1. e4 g6 2. Nc3 Bg7 3. f4 c6 4. Nf3 d5 5. d3 Bg4 6. h3 Bxf3 7. Qxf3 e6 8. g3 Ne7 9. Bg2 Qb6 10. Nd1 Nd7 11. Be3 Qa5+ 12. c3 0-0 13. 0-0 f5 14. e5 c5 15. Qe2 Rab8 16. Bd2 Qc7 17. Ne3 b5 18. a4 a6 19. axb5 axb5 20. Ra6 Rb6 21. Rfa1 Rfb8 22. Ra7 R6b7 23. Rxb7 Rxb7 24. c4 bxc4 25. dxc4 Rxb2 26. cxd5 exd5 27. Nxd5 Nxd5 28. Bxd5+ Kh8 29. Qd3 h5 30. Ra8+ Kh7 31. Bg8+ Kh6 32. g4 Bxe5 33. fxe5+ Rxd2 34. Qxd2+ 1-0